000 01326cam a22003617a 4500
003 CHAP
005 20220329140559.0
008 971013s1974 r 00010 d
010 _a54241
011 _a55213
035 _a59365
040 _cCHAP
090 _aTesis
100 0 0 _aSánchez Serna, Héctor Mario.
_9107849
245 0 _aDiferentes niveles de fertilización con nitrógeno y fósforo en el cultivo del sorgo para grano (Soighum vulgare P.) en el ciclo tempranero de Vallecillo, N.L.
260 _aMonterrey, N.L. :
_bEl autor,
_c1974
300 _a28 h.
_b: apénd.
502 _aTesis (Ing. Agr.) -- Univ. Autónoma de NUevo León. Fac. de Agronomía
590 _aALEPH
_b10
_c20130110
_lUCH01
_h1331
590 _aBATCH-UPD
_b10
_c20130110
_lUCH01
_h0011
590 _aBATCH-UPD
_b10
_c20130110
_lUCH01
_h0353
590 _aBATCH-UPD
_b10
_c20130409
_lUCH01
_h1948
590 _aBATCH-UPD
_b10
_c20130410
_lUCH01
_h1502
590 _aBATCH-UPD
_b10
_c20130914
_lUCH01
_h1426
590 _aCONVERSION
_b10
_c20130109
_lUCH01
_h1329
650 1 4 _aFertilizantes
_xEfecto en sorgo.
_940551
650 1 4 _aFósforo
_xEfecto en sorgo.
_942254
650 1 4 _aNitrógeno
_xEfecto en sorgo.
_981461
650 1 4 _aSorgo
_xNuevo León.
_9108702
901 _aBK
942 _cTESIS
949 _bBC
_cTES
_d-128354
_eTS1
_i59365
_si
999 _c54241
_d54241